Principles of management / (Record no. 2209)

MARC details
000 -LEADER
fixed length control field 01516cam a2200229 a 4500
020 ## - INTERNATIONAL STANDARD BOOK NUMBER
ISBN 9780073530123
020 ## - INTERNATIONAL STANDARD BOOK NUMBER
ISBN 0073530123
020 ## - INTERNATIONAL STANDARD BOOK NUMBER
ISBN 9780073316260
020 ## - INTERNATIONAL STANDARD BOOK NUMBER
ISBN 0073316261
020 ## - INTERNATIONAL STANDARD BOOK NUMBER
ISBN 9780073341330
020 ## - INTERNATIONAL STANDARD BOOK NUMBER
ISBN 0073341339
050 00 - CALL NUMBER
Classification number HD31
Item number .H4885
100 1# - AUTHOR
Personal name Hill, Charles W. L.
245 10 - TITLE
Title Principles of management /
Statement of responsibility, etc Charles W.L. Hill, Steven L. McShane.
260 ## - PUBLICATION INFORMATION
Place of publication Boston :
Name of publisher McGraw-Hill/Irwin,
Year of publication 2008.
300 ## - DESCRIPTION
Number of Pages xv, 511 p. :
Other physical details ill. ;
Dimensions 29 cm.
500 ## - NOTES
General note Includes index.
505 ## - FORMATTED CONTENTS NOTE
Table of Content PART ONE MANAGERS AND THE ENVIRONMENT<br/>Chapter 1: Management <br/>Chapter 2: The External and Internal Environment <br/>Chapter 3: Globalization and the Manager <br/>Chapter 4: Stakeholders, Ethics and Corporate Social Responsibility <br/><br/>PART TWO STRATEGIZING <br/>Chapter 5: Planning and Decision Making<br/>Chapter 6: Strategy <br/>Chapter 7: Managing Operations <br/><br/>PART THREE ORGANIZATIONAL ARCHITECTURE <br/>Chapter 8: Organizing <br/>Chapter 9: Control Systems <br/>Chapter 10: Organizational Culture <br/>Chapter 11: Developing High Performance Teams <br/><br/>PART FOUR LEADING <br/>Chapter 12: Staffing and Developing a Diverse Workforce <br/>Chapter 13: Motivating and Rewarding Employee Performance Chapter 14: Managing Employee Attitudes and Wellbeing <br/>Chapter 15: Managing through Power, Influence and Negotiation Chapter 16: Leadership <br/>Chapter 17: Communication <br/><br/>PART FIVE CHANGE <br/>Chapter 18: Managing Innovation and Change
650 #0 - SUBJECTS
Topical Term Management.
700 1# - OTHER AUTHORS
Personal name McShane, Steven Lattimore.
942 ## - ADDED ENTRY ELEMENTS (KOHA)
Koha item type Books
Holdings
Withdrawn status Lost status Home library Current library Shelving location Date acquired Full call number Accession Number Koha item type
    Methodist University Library Main Methodist University Library Main General Stacks 03/04/2009 HD31 .H4885 30212 Books
    Methodist University Library Main Methodist University Library Main General Stacks 03/04/2009 HD31 .H4885 30379 Books
    Methodist University Library Main Methodist University Library Main General Stacks 03/04/2009 HD31 .H4885 30373 Books
    Methodist University Library Main Methodist University Library Main General Stacks 03/04/2009 HD31 .H4885 30455 Books
    Methodist University Library Main Methodist University Library Main General Stacks 03/04/2009 HD31 .H4885 30409 Books
    Methodist University Library Tema Methodist University Library Tema Reference 05/07/2014 HD31 .H55 39804 Books
Copyright © 2026  MUG Library